| 000 -CABECERA |
| Longitud fija campo de control |
00482nam a2200169 a 4500 |
| 001 - NÚMERO DE CONTROL |
| Número de control |
1416 |
| 003 - IDENTIFICADOR DEL NÚMERO DE CONTROL |
| Identificador del número de control |
CDMR |
| 005 - FECHA Y HORA DE LA ÚLTIMA TRANSACCIÓN |
| Fecha y hora de la última transacción |
20130308123416.0 |
| 008 - CÓDIGOS DE INFORMACIÓN DE LONGITUD FIJA |
| Códigos de información de longitud fija |
130130s2003||||||||||||||||||||||||||||d |
| 020 ## - NÚMERO INTERNACIONAL NORMALIZADO PARA LIBROS |
| Número Internacional Normalizado para Libros (ISBN) |
2908830906 |
| 040 ## - FUENTE DE LA CATALOGACIÓN |
| Centro catalogador de origen |
CDMR |
| Lengua de catalogación |
cat |
| Centro transcriptor |
CDMR |
| 100 1# - PUNTO DE ACCESO PRINCIPAL-NOMBRE DE PERSONA |
| 9 (RLIN) |
1081 |
| Nombre de persona |
Newton, Helmut |
| 245 10 - MENCIÓN DE TÍTULO |
| Título |
Helmut Newton |
| Resto del título |
: for press freedom : pour la liberté de la presse |
| 260 ## - PUBLICACIÓN, DISTRIBUCIÓN, ETC. (PIE DE IMPRENTA) |
| Fecha de publicación, distribución, etc. |
2003 |
| Nombre del editor, distribuidor, etc. |
Reporters Sans Frontières |
| Lugar de publicación, distribución, etc. |
[Paris] |
| 490 ## - MENCIÓN DE SERIE |
| Mención de serie |
Pour la liberté de la presse |
| Designación de volumen o secuencia |
16 |
| 942 ## - ENTRADA DE ELEMENTOS AGREGADOS (KOHA) |
| Koha [por defecto] tipo de item |
Monografies |
| Fuente de clasificaión o esquema |
|